000 01337nam a2200217Ia 4500
003 Ost
005 20260507075638.0
008 260507s9999||||xx |||||||||||||| ||und||
040 _cfsecg
041 _aara
082 _a657
100 _aأبو المكارم، وصفي عبد الفتاح
_eمؤلف
245 0 _aالمحاسبة المالية :
_bالقياس و التقويم و الافصاح المحاسبي /
_c وصفي عبد الفتاح أبو المكارم
260 _aالاسكندرية:
_bالدار الجامعية,
_c1997
300 _a632 صفحة؛
_bإيضاحات ؛
_c24 سم
490 _aالمكتبة المحاسبية
520 _aالمدخل النظري لدراسة المحاسبة المالية:تطور المعرفة المحاسبية،الاطار النظري للمحاسبة المالية -الدورة المحاسبية و تدفق البيانات في الوحدات التجارية و الصناعية:مراجعة الدورة المحاسبية و تدفق البيانات في الوحدات،الدورة لمحاسبية و تدفق البيانات في الوحدات الصناعية،اثر القياس المحاسبي على تدفقات البيانات
653 _aالمحاسبة
653 _aالمحاسبة التحليلة
942 _cكتاب
999 _c45337
_d45337